La educación sexual de la infancia / (Record no. 18003)

MARC details
000 -CABECERA
campo de control de longitud fija 00657nam a2200205 a 4500
005 - FECHA Y HORA DE LA ÚLTIMA TRANSACCIÓN
campo de control 20230510063736.0
008 - ELEMENTOS DE LONGITUD FIJA--INFORMACIÓN GENERAL
campo de control de longitud fija 991125s1978 es 000 0 spa u
020 ## - NÚMERO INTERNACIONAL NORMALIZADO PARA LIBROS
Número Internacional Estándar del Libro 8432000078
035 ## - NÚMERO DE CONTROL DEL SISTEMA
Número de control de sistema UPN01000018003
049 ## - COLECCIÓN
Colección CG
050 #4 - SIGNATURA TOPOGRÁFICA DE LA BIBLIOTECA DEL CONGRESO
Número de clasificación LB1105
Número de documento/Ítem P3.2 no.4
100 1# - ASIENTO PRINCIPAL--NOMBRE PERSONAL
Nombre de persona Berge, André,
Fechas asociadas al nombre 1902-1995
9 (RLIN) 34974
245 13 - MENCIÓN DE TÍTULO
Título La educación sexual de la infancia /
Mención de responsabilidad, etc. A. Berge ; tr. F. G. Velasco.
260 ## - PUBLICACIÓN, DISTRIBUCIÓN, ETC.
Lugar de publicación, distribución, etc. Barcelona, Esp. :
Nombre del editor, distribuidor, etc. Planeta,
Fecha de publicación, distribución, etc. 1978.
300 ## - DESCRIPCIÓN FÍSICA
Extensión 176 p.
440 #0 - MENCIÓN DE SERIE/ASIENTO SECUNDARIO--TÍTULO
Título Paideia.
Nombre de parte o sección de la obra Biblioteca práctica de pedagogía, psicología y psicopatología de la infancia ;
Designación de volumen o secuencia 4
650 #4 - ASIENTO SECUNDARIO DE MATERIA - TERMINO TEMATICO
Término de materia o nombre geográfico como elemento de entrada Educación sexual
9 (RLIN) 7445
650 #4 - ASIENTO SECUNDARIO DE MATERIA - TERMINO TEMATICO
Término de materia o nombre geográfico como elemento de entrada Sexo
9 (RLIN) 6715
905 ## - TIPO DE MATERIAL
Tipo de material Libro
Holdings
Estado de retiro Estado de pérdida Fuente del sistema de clasificación o colocación Estado dañado No para préstamo Código de colección Localización permanente Ubicación/localización actual Ubicación en estantería Total de préstamos Clasificación Código de barras Fecha visto por última vez Número de copia Tipo de ítem Koha
    Library of Congress Classification     Colección General Bib. Gregorio Torres Quintero Bib. Gregorio Torres Quintero Planta baja   LB1105 P3.2 no.4 10177 31/12/2020 1 Libro